[Event "SA-2019-0-00686"]
[Site "LSS email"]
[Date "2019.06.18"]
[Round "?"]
[White "Habes, Jiri"]
[Black "Yloenen, Olli"]
[Result "1/2-1/2"]
[WhiteElo "2009"]
[BlackElo "1999"]
[PlyCount "44"]
[EventDate "2019.05.16"]
[EventType "tourn (corr)"]
[EventRounds "6"]
[EventCountry "GER"]
[SourceTitle "Corr 2022"]
[Source "ChessBase"]
[SourceDate "2021.10.24"]
[SourceVersion "1"]
[SourceVersionDate "2021.10.24"]
[SourceQuality "1"]

1. d4 Nf6 2. c4 e6 3. Nc3 Bb4 4. Nf3 d5 5. Qa4+ Nc6 6. e3 0-0 7. Bd2 dxc4 8. Bxc4 Bd6 9. h3 e5 10. d5 Ne7 11. Qc2 h6 12. e4 a6 13. 0-0 Bd7 14. Rfd1 b5 15. Bb3 Ng6 16. Ne2 Nh5 17. a4 f5 18. Ng3 Nxg3 19. fxg3 Kh8 20. axb5 axb5 21. Rxa8 Qxa8 22. Be1 Qe8 1/2-1/2

[Event "SA-2019-0-00686"]
[Site "LSS email"]
[Date "2019.06.18"]
[Round "?"]
[White "Yloenen, Olli"]
[Black "Cirulis, Ilmars"]
[Result "0-1"]
[WhiteElo "1999"]
[BlackElo "2190"]
[PlyCount "50"]
[EventDate "2019.05.16"]
[EventType "tourn (corr)"]
[EventRounds "6"]
[EventCountry "GER"]
[SourceTitle "Corr 2022"]
[Source "ChessBase"]
[SourceDate "2021.10.24"]
[SourceVersion "1"]
[SourceVersionDate "2021.10.24"]
[SourceQuality "1"]

1. d4 f5 2. g3 e6 3. Bg2 Nf6 4. c4 c6 5. Nf3 d5 6. 0-0 Ne4 7. Bf4 g5 8. Bc1 Nd7 9. cxd5 exd5 10. Ne1 Bg7 11. f3 Nd6 12. e4 Qb6 13. Nc2 0-0 14. exd5 c5 15. Nc3 f4 16. gxf4 cxd4 17. Na4 Qa6 18. Nxd4 b5 19. Nc3 Qb6 20. Be3 Nc4 21. Bf2 Nxb2 22. Qd2 Nc4 23. Qd3 Nb2 24. Qe3 gxf4 25. Qe6+ Kh8 0-1

[Event "WC-2018-P-00014"]
[Site "LSS email"]
[Date "2018.01.22"]
[Round "?"]
[White "Oliveira, Marcio B"]
[Black "Yloenen, Olli"]
[Result "1/2-1/2"]
[WhiteElo "2287"]
[BlackElo "1952"]
[PlyCount "96"]
[EventDate "2018.02.01"]
[EventType "tourn (corr)"]
[EventRounds "12"]
[EventCountry "GER"]
[SourceTitle "Corr 2022"]
[Source "ChessBase"]
[SourceDate "2021.10.24"]
[SourceVersion "1"]
[SourceVersionDate "2021.10.24"]
[SourceQuality "1"]

1. Nf3 c5 2. g3 Nc6 3. c4 g6 4. Bg2 Bg7 5. Nc3 e6 6. 0-0 Nge7 7. d3 0-0 8. Bf4 d5 9. cxd5 exd5 10. e4 d4 11. Nb5 b6 12. Nc7 Rb8 13. Nb5 Ra8 14. Nc7 Rb8 15. Rc1 Bg4 16. Na6 Rc8 17. h3 Be6 18. a3 h6 19. b4 g5 20. Bd2 cxb4 21. axb4 Qd7 22. b5 Nb8 23. Nxb8 Rxb8 24. Bb4 Rbc8 25. Qa4 Rxc1 26. Rxc1 Rc8 27. Rxc8+ Nxc8 28. Bd2 a5 29. e5 Bd5 30. Qxd4 Be6 31. Be3 Qxd4 32. Bxd4 Bd7 33. h4 g4 34. Ne1 Bxb5 35. Kf1 Kf8 36. Ke2 Ke7 37. Bb7 Bd7 38. Ng2 b5 39. Ne3 Kd8 40. h5 a4 41. Kd2 b4 42. Bc5 Bxe5 43. Bxb4 f5 44. Nc4 Bd4 45. Ne3 Kc7 46. Bd5 Nd6 47. Ba5+ Bb6 48. Bb4 Be8 1/2-1/2